000 00417nam a22001457a 4500
999 _c15531
_d15531
003 OSt
008 180925b ||||| |||| 00| 0 eng d
020 _a9789251058497
082 _bROL/GO
_a641.3461
100 _aRolle, Rosa
_93329
245 _aGood practice for the small scale production of bottled coconut water
260 _aRome
_bFood and agriculture organisation of the UN
_c2007
300 _a36
942 _cBK